000 00337nam a2200133Ia 4500
008 231129s9999||||xx |||||||||||||| ||spa||
040 _bspa
082 _aE864 D542f
100 _aDí­az-Plaja Fernando
245 0 _aEl francés y los siete pecados capitales
260 _c198
264 _aCí­rculo de Lectores
942 _2ddc
_cBKS
999 _c11107
_d11107